'M' Grab Bag I Quiz Stats

 Plays Quiz not verified by Sporcle

Challenge
Share
Tweet
Embed
Score 0/41 Timer 10:00
0 Plays Today
Hint Answer % Correct
MONTHSMAY
98.5%
MONTHSMARCH
96.6%
BOOKS OF THE BIBLEMARK
87.4%
BOOKS OF THE BIBLEMATTHEW
85.9%
BOY BABY NAMES 2014(FROM TOP 50)MATTHEW
85.9%
CANDY BARMARS
85.4%
PREMIER LEAGUE CLUBS - CURRENTMANCHESTER UNITED
83.5%
EUROPEAN COUNTRIESMALTA
75.2%
BOY BABY NAMES 2014(FROM TOP 50)MICHAEL
73.8%
ANCIENT EMPIRESMACEDONIA (ALEXANDER THE GREAT)
72.8%
EUROPEAN COUNTRIESMACEDONIA
72.8%
MAJOR CAR COMPANIESMAZDA
71.8%
ISLANDS OVER 90,000SQ KM (38,000 SQ MI)MADAGASCAR
68.4%
EUROPEAN COUNTRIESMONACO
68%
PREMIER LEAGUE CLUBS - CURRENTMANCHESTER CITY
65%
NORTH AMERICAN CITIES WITH AT LEAST 1 BIG 4 TEAM(BASEBALL, BASKETBALL, HOCKEY, FOOTBALL)MIAMI
64.1%
EUROPEAN COUNTRIESMOLDOVA
63.6%
NORTH AMERICAN CITIES WITH AT LEAST 1 BIG 4 TEAM(BASEBALL, BASKETBALL, HOCKEY, FOOTBALL)MINNEAPOLIS
58.3%
EUROPEAN COUNTRIESMONTENEGRO
58.3%
GIRL BABY NAMES 2014(FROM TOP 50)MIA
57.3%
ANCIENT EMPIRESMAYAN
52.9%
Hint Answer % Correct
MAJOR CAR COMPANIESMITSUBISHI
51.9%
NORTH AMERICAN CITIES WITH AT LEAST 1 BIG 4 TEAM(BASEBALL, BASKETBALL, HOCKEY, FOOTBALL)MONTREAL
49.5%
CANDY BARMILKY WAY
49.5%
MAJOR CAR COMPANIESMERCEDES
47.6%
NORTH AMERICAN CITIES WITH AT LEAST 1 BIG 4 TEAM(BASEBALL, BASKETBALL, HOCKEY, FOOTBALL)MEMPHIS
46.1%
DOG BREEDSMALTESE
42.2%
NORTH AMERICAN CITIES WITH AT LEAST 1 BIG 4 TEAM(BASEBALL, BASKETBALL, HOCKEY, FOOTBALL)MILWAUKEE
37.9%
GIRL BABY NAMES 2014(FROM TOP 50)MADISON
34%
BOOKS OF THE BIBLEMALACHI
33%
CANDY BARMOUNDS
32%
BOOKS OF THE BIBLEMICAH
30.6%
ANCIENT EMPIRESMONGOLS
29.6%
MAJOR CAR COMPANIESMASERATI
25.7%
DOG BREEDSMASTIFF
22.8%
DOG BREEDSMALAMUTE
16.4%
BOY BABY NAMES 2014(FROM TOP 50)MASON
15.5%
CANDY BARMR GOODBAR
11.2%
ISLANDS OVER 90,000SQ KM (38,000 SQ MI)MINDANAO
7.8%
CANDY BARMARATHON
7.8%
CANDY BAR
3.9%

You're not logged in!

Compare scores with friends on all Sporcle quizzes.
Join for Free
OR
Log In

You Might Also Like...

Show Comments

Extras

Curator's Pick Jan 22, 2016ReportFavoriteNominate
Tags:Grab Bag Quiz, Letter Quiz, Letter M

Top Quizzes Today


Score Distribution

Your Account Isn't Verified!

In order to create a playlist on Sporcle, you need to verify the email address you used during registration. Go to your Sporcle Settings to finish the process.

Report this User

Report this user for behavior that violates our Community Guidelines.

Details: